000 00243nam a2200097Ia 4500
005 20251222154404.0
008 251222s9999||||xx |||||||||||||| ||spa||
082 _aREF.985.008/C76/T.XXIV
245 0 _aLa poesía de la emancipación
942 _cLIB
999 _c35391
_d35391